[Event "Wch Rapid"]
[Site "St Petersburg"]
[Date "2018.12.28"]
[Round "15"]
[White "Kamsky, Gata"]
[Black "Matlakov, Maxim"]
[Result "1/2-1/2"]
[WhiteElo "2666"]
[BlackElo "2700"]
[PlyCount "73"]
[EventDate "2018.12.26"]
[EventType "swiss (rapid)"]
[EventRounds "15"]
[EventCountry "RUS"]
[SourceTitle "CBM 187 Extra"]
[Source "ChessBase"]
[SourceDate "2018.11.04"]
[SourceVersion "1"]
[SourceVersionDate "2018.11.04"]
[SourceQuality "1"]

1. d4 Nf6 2. Nf3 d5 3. Bf4 Bf5 4. e3 e6 5. c4 Bd6 6. Bg3 O-O 7. Nc3 c6 8. Qb3
Bxg3 9. hxg3 Nbd7 10. Be2 Rb8 11. a4 h6 12. O-O a5 13. Rfd1 Re8 14. Qa3 Ra8 15.
Rac1 Nb8 16. Ne5 Na6 17. b3 Nb4 18. Qb2 Nd7 19. Nf3 Qe7 20. Na2 Nxa2 21. Qxa2
Bg4 22. Ne1 Bxe2 23. Qxe2 Nb6 24. Nd3 Red8 25. Qc2 Nd7 26. Rb1 Qd6 27. Qe2 Nf6
28. Rdc1 Ne4 29. Rc2 Ra7 30. g4 Re8 31. Qf3 Raa8 32. Qf4 Qe7 33. f3 Nf6 34. Kf2
Ra6 35. Kg1 Rb6 36. c5 Ra6 37. Qg3 1/2-1/2

[Event "Wch Blitz"]
[Site "St Petersburg"]
[Date "2018.12.29"]
[Round "1"]
[White "Kamsky, Gata"]
[Black "Eliseev, Alexey"]
[Result "1-0"]
[WhiteElo "2666"]
[BlackElo "2379"]
[PlyCount "105"]
[EventDate "2018.12.29"]
[EventType "swiss (blitz)"]
[EventRounds "21"]
[EventCountry "RUS"]
[SourceTitle "CBM 187 Extra"]
[Source "ChessBase"]
[SourceDate "2018.11.04"]
[SourceVersion "1"]
[SourceVersionDate "2018.11.04"]
[SourceQuality "1"]

1. d4 Nf6 2. Nf3 c5 3. d5 b5 4. c4 g6 5. cxb5 a6 6. b6 d6 7. Nc3 Bg7 8. e4 O-O
9. Be2 Nbd7 10. O-O Nxb6 11. h3 Nfd7 12. a4 a5 13. Re1 Ba6 14. Bxa6 Rxa6 15.
Bg5 h6 16. Bf4 Re8 17. e5 dxe5 18. Nxe5 Nxe5 19. Bxe5 Bxe5 20. Rxe5 Nc4 21. Qe2
Nxe5 22. Qxa6 Qa8 23. Qxa8 Rxa8 24. Re1 Nd3 25. Rxe7 Nxb2 26. Rc7 Nd3 27. d6
Rd8 28. d7 Kg7 29. Nd5 Ne5 30. Nb6 Kf6 31. Rxc5 Nxd7 32. Nd5+ Kg7 33. Rxa5 Nf6
34. Nxf6 Kxf6 35. h4 h5 36. g3 Rd2 37. Kg2 Ra2 38. Ra6+ Kf5 39. a5 Ra3 40. Ra7
f6 41. a6 Ra2 42. Kf3 Ra3+ 43. Ke2 Ra2+ 44. Ke3 Ra3+ 45. Kd4 Ra2 46. Kc5 Rxf2
47. Rg7 Ra2 48. a7 g5 49. Kb6 Kg4 50. Rg8 Kxg3 51. hxg5 fxg5 52. Rxg5+ Kf4 53.
Ra5 1-0

[Event "Wch Blitz"]
[Site "St Petersburg"]
[Date "2018.12.29"]
[Round "2"]
[White "Bilguun, Sumiya"]
[Black "Kamsky, Gata"]
[Result "1-0"]
[WhiteElo "2497"]
[BlackElo "2666"]
[PlyCount "80"]
[EventDate "2018.12.29"]
[EventType "swiss (blitz)"]
[EventRounds "21"]
[EventCountry "RUS"]
[SourceTitle "CBM 187 Extra"]
[Source "ChessBase"]
[SourceDate "2018.11.04"]
[SourceVersion "1"]
[SourceVersionDate "2018.11.04"]
[SourceQuality "1"]

1. e4 c5 2. Nf3 e6 3. d4 cxd4 4. Nxd4 a6 5. Nc3 b5 6. Bd3 Qb6 7. Nf3 Qc7 8. O-O
Bb7 9. Re1 Be7 10. e5 f5 11. h4 Nh6 12. a3 Nf7 13. Bf4 g6 14. Ng5 O-O 15. Qd2
Nxg5 16. Bxg5 Bxg5 17. Qxg5 Nc6 18. Qg3 Nd8 19. Rad1 Nf7 20. a4 b4 21. Nb1 Kh8
22. Nd2 Bd5 23. b3 Rg8 24. Nc4 Bxc4 25. Bxc4 g5 26. h5 g4 27. Qd3 Ra7 28. Bxa6
g3 29. Bb5 gxf2+ 30. Kxf2 Ng5 31. Qxd7 Qxc2+ 32. Rd2 Ne4+ 33. Rxe4 Qxe4 34.
Qxa7 Rxg2+ 35. Kf1 Qf3+ 36. Rf2 Rxf2+ 37. Qxf2 Qxb3 38. Qc5 Qf3+ 39. Ke1 Qe4+
40. Be2 Kg8 1-0

[Event "Wch Blitz"]
[Site "St Petersburg"]
[Date "2018.12.29"]
[Round "3"]
[White "Kamsky, Gata"]
[Black "Mikhalevski, Victor"]
[Result "1/2-1/2"]
[WhiteElo "2666"]
[BlackElo "2579"]
[PlyCount "138"]
[EventDate "2018.12.29"]
[EventType "swiss (blitz)"]
[EventRounds "21"]
[EventCountry "RUS"]
[SourceTitle "CBM 187 Extra"]
[Source "ChessBase"]
[SourceDate "2018.11.04"]
[SourceVersion "1"]
[SourceVersionDate "2018.11.04"]
[SourceQuality "1"]

1. d4 Nf6 2. Nf3 g6 3. c3 Bg7 4. Bf4 O-O 5. Nbd2 d6 6. h3 Nbd7 7. e3 Qe8 8. Bh2
e5 9. Nc4 e4 10. Nfd2 Qe7 11. a4 Nd5 12. Qb3 N5b6 13. a5 Nxc4 14. Bxc4 a6 15.
O-O Kh8 16. Qa3 f5 17. b4 Nf6 18. b5 Be6 19. Qb3 Bxc4 20. Nxc4 axb5 21. Qxb5
Ra7 22. Rfb1 Qd7 23. Qxd7 Nxd7 24. Rb5 b6 25. Rab1 bxa5 26. Nxa5 Rfa8 27. Nc6
Ra6 28. Nb8 Nxb8 29. Rxb8+ Bf8 30. g4 Kg7 31. Rxa8 Rxa8 32. Rb7 Rc8 33. Kg2 Kf6
34. f3 exf3+ 35. Kxf3 Ke6 36. c4 Be7 37. gxf5+ gxf5 38. Bf4 Kd7 39. Rb5 Ke6 40.
e4 fxe4+ 41. Kxe4 Rf8 42. Rh5 Rf7 43. d5+ Kd7 44. Rf5 Rg7 45. Rh5 Rf7 46. Be3
Bf6 47. Rf5 Ke7 48. Bh6 Bh4 49. Rxf7+ Kxf7 50. Kf5 Be1 51. Bg5 Bc3 52. Bd8 Ba5
53. Bf6 Bd2 54. Bd4 Bb4 55. h4 Be1 56. h5 Bb4 57. Be3 Ba3 58. Bd2 Bc5 59. Ba5
Bb6 60. Bc3 Be3 61. Ke4 Bb6 62. Kd3 Ke7 63. Kc2 Kd7 64. Bf6 c6 65. Kd3 cxd5 66.
cxd5 Ke8 67. Kc4 Kd7 68. Bg5 Bf2 69. Bf4 Bb6 1/2-1/2

[Event "Wch Blitz"]
[Site "St Petersburg"]
[Date "2018.12.29"]
[Round "4"]
[White "Zubritskiy, Artyom"]
[Black "Kamsky, Gata"]
[Result "0-1"]
[WhiteElo "2442"]
[BlackElo "2666"]
[PlyCount "75"]
[EventDate "2018.12.29"]
[EventType "swiss (blitz)"]
[EventRounds "21"]
[EventCountry "RUS"]
[SourceTitle "CBM 187 Extra"]
[Source "ChessBase"]
[SourceDate "2018.11.04"]
[SourceVersion "1"]
[SourceVersionDate "2018.11.04"]
[SourceQuality "1"]

1. c4 e5 2. g3 Bc5 3. Bg2 Nc6 4. Nc3 a6 5. e3 Nge7 6. Nge2 Ba7 7. O-O O-O 8. b3
d6 9. Bb2 Rb8 10. h3 b5 11. d3 Kh8 12. Qd2 Be6 13. Nd5 Qd7 14. Kh2 bxc4 15.
dxc4 f6 16. Rad1 a5 17. Nec3 Nb4 18. Nxe7 Qxe7 19. Nb5 Bb6 20. Bc3 Rfd8 21. a3
Na6 22. Bxa5 Nc5 23. Bxb6 Rxb6 24. Qc2 c6 25. Nxd6 Rxd6 26. Rxd6 Qxd6 27. b4
Qd3 28. Qxd3 Nxd3 29. Rd1 Bxc4 30. Be4 Nxf2 31. Rd8+ Bg8 32. Bc2 g6 33. Bb3 Kg7
34. Rxg8+ Kh6 35. Bc2 c5 36. Kg2 cxb4 37. axb4 Rc6 38. Bxg6 0-1

[Event "Wch Blitz"]
[Site "St Petersburg"]
[Date "2018.12.29"]
[Round "5"]
[White "Kamsky, Gata"]
[Black "Yudin, Sergei"]
[Result "0-1"]
[WhiteElo "2666"]
[BlackElo "2507"]
[PlyCount "204"]
[EventDate "2018.12.29"]
[EventType "swiss (blitz)"]
[EventRounds "21"]
[EventCountry "RUS"]
[SourceTitle "CBM 187 Extra"]
[Source "ChessBase"]
[SourceDate "2018.11.04"]
[SourceVersion "1"]
[SourceVersionDate "2018.11.04"]
[SourceQuality "1"]

1. d4 d5 2. Nf3 c6 3. Bf4 Bf5 4. e3 Nd7 5. c4 e6 6. Nc3 Ngf6 7. Qb3 Qb6 8. c5
Qxb3 9. axb3 a6 10. h3 h6 11. b4 Rc8 12. Nd2 Be7 13. Nb3 Bd8 14. Na5 Bxa5 15.
bxa5 O-O 16. f3 Rfe8 17. Kf2 e5 18. Bh2 exd4 19. exd4 Bc2 20. Be2 Nf8 21. Rhc1
Bb3 22. Ra3 Bc4 23. Bxc4 dxc4 24. Ra4 Ne6 25. Rxc4 Rcd8 26. Rd1 Rd7 27. Be5 Nd5
28. Ne4 f6 29. Bh2 Ng5 30. Nd6 Re3 31. h4 Ne6 32. Re1 Rxe1 33. Kxe1 Ndc7 34.
Nxb7 Nb5 35. Nd6 Nexd4 36. Bg1 Re7+ 37. Kd1 Nb3 38. Nxb5 axb5 39. Rc3 Rd7+ 40.
Ke2 Nxa5 41. b3 b4 42. Re3 Kf7 43. Re4 Rb7 44. Re3 Re7 45. Kd3 Rxe3+ 46. Bxe3
Ke6 47. Kd4 Nxb3+ 48. Kc4 Na5+ 49. Kxb4 Nb7 50. Kc4 h5 51. Kd4 g6 52. g4 Na5
53. Ke4 Nc4 54. Bc1 Ne5 55. gxh5 gxh5 56. Bf4 Nd7 57. Bd6 Ne5 58. Bc7 Ng6 59.
Bg3 f5+ 60. Kd4 f4 61. Be1 Kf5 62. Kd3 Ne5+ 63. Ke2 Nd7 64. Bb4 Nf8 65. Kd3 Ng6
66. Be1 Ne5+ 67. Ke2 Ke6 68. Bd2 Ng6 69. Be1 Kd5 70. Bf2 Ne5 71. Bg1 Nd7 72.
Bh2 Ke5 73. Bg1 Nf8 74. Kd3 Kd5 75. Bd4 Ne6 76. Bf6 Nxc5+ 77. Kc3 Nd7 78. Bg5
Ne5 79. Bxf4 Nxf3 80. Bg3 Nd4 81. Bf2 Nf5 82. Kd3 Nd6 83. Bg3 Ne4 84. Be1 Ke5
85. Kc4 Kf5 86. Kd4 Kf4 87. Ba5 Kf3 88. Bb6 Nf6 89. Bd8 Nd7 90. Be7 Kg4 91. Bd8
Nf8 92. Ke5 Ng6+ 93. Kd6 Nxh4 94. Kxc6 Nf3 95. Kd5 Ng5 96. Kc4 h4 97. Kd3 h3
98. Bc7 Ne6 99. Bh2 Kf3 100. Kd2 Kg2 101. Bb8 Nd4 102. Ke1 Nf5 0-1

[Event "Wch Blitz"]
[Site "St Petersburg"]
[Date "2018.12.29"]
[Round "6"]
[White "Goganov, Aleksey"]
[Black "Kamsky, Gata"]
[Result "0-1"]
[WhiteElo "2612"]
[BlackElo "2666"]
[PlyCount "98"]
[EventDate "2018.12.29"]
[EventType "swiss (blitz)"]
[EventRounds "21"]
[EventCountry "RUS"]
[SourceTitle "CBM 187 Extra"]
[Source "ChessBase"]
[SourceDate "2018.11.04"]
[SourceVersion "1"]
[SourceVersionDate "2018.11.04"]
[SourceQuality "1"]

1. d4 d5 2. c4 c6 3. Nc3 Nf6 4. e3 g6 5. Nf3 Bg7 6. Be2 O-O 7. O-O Qb6 8. b3
Bg4 9. h3 Bxf3 10. Bxf3 e6 11. Qe2 Nbd7 12. Rb1 a5 13. g3 Rfd8 14. Bg2 Qa6 15.
Bd2 Nb6 16. c5 Qxe2 17. Nxe2 Nbd7 18. Rfd1 e5 19. Bc3 exd4 20. exd4 Re8 21. Kf1
Ne4 22. Be1 Nf8 23. f3 Nf6 24. g4 N6d7 25. Bg3 Ne6 26. Kf2 Bh6 27. Rd3 Re7 28.
Bd6 Ree8 29. h4 Bf8 30. Bxf8 Kxf8 31. g5 f6 32. Bh3 Kf7 33. Re3 f5 34. a3 h6
35. f4 hxg5 36. hxg5 Rh8 37. Kg3 Rae8 38. Re1 Rxh3+ 39. Kxh3 Nxg5+ 40. fxg5
Rxe3+ 41. Kg2 Nf8 42. Kf2 Re4 43. b4 axb4 44. axb4 Ne6 45. Rd1 Nxg5 46. Ra1
Nh3+ 47. Kf1 Nf4 48. Nc3 Rxd4 49. b5 Rc4 0-1

[Event "Wch Blitz"]
[Site "St Petersburg"]
[Date "2018.12.29"]
[Round "7"]
[White "Kamsky, Gata"]
[Black "Grachev, Boris V"]
[Result "1/2-1/2"]
[WhiteElo "2666"]
[BlackElo "2626"]
[PlyCount "89"]
[EventDate "2018.12.29"]
[EventType "swiss (blitz)"]
[EventRounds "21"]
[EventCountry "RUS"]
[SourceTitle "CBM 187 Extra"]
[Source "ChessBase"]
[SourceDate "2018.11.04"]
[SourceVersion "1"]
[SourceVersionDate "2018.11.04"]
[SourceQuality "1"]

1. e4 c5 2. Nf3 e6 3. d4 cxd4 4. Nxd4 Nc6 5. Nc3 a6 6. Be2 Qc7 7. O-O Nf6 8.
Be3 Be7 9. f4 d6 10. Qe1 O-O 11. Qg3 Nxd4 12. Bxd4 b5 13. a3 Bb7 14. Rae1 Rad8
15. Bd3 Bc6 16. Qh3 e5 17. Bf2 Qc8 18. f5 h6 19. Bh4 g5 20. fxg6 Qxh3 21. gxf7+
Rxf7 22. gxh3 Rdf8 23. Bxf6 Rxf6 24. Rxf6 Rxf6 25. Nd5 Bxd5 26. exd5 Bd8 27.
Rf1 Bb6+ 28. Kg2 Rxf1 29. Kxf1 Be3 30. Ke2 Bc1 31. b4 Bxa3 32. c3 Bc1 33. Bf5
Kf8 34. Bc8 Ke7 35. Bxa6 Kd8 36. Bxb5 Kc7 37. Kd3 Bf4 38. c4 Kb6 39. Be8 Bxh2
40. Ke4 Bf4 41. Bh5 Bd2 42. c5+ dxc5 43. bxc5+ Kxc5 44. Kxe5 Be1 45. Ke4
1/2-1/2

[Event "Wch Blitz"]
[Site "St Petersburg"]
[Date "2018.12.29"]
[Round "8"]
[White "Frolyanov, Dmitry"]
[Black "Kamsky, Gata"]
[Result "1/2-1/2"]
[WhiteElo "2517"]
[BlackElo "2666"]
[PlyCount "95"]
[EventDate "2018.12.29"]
[EventType "swiss (blitz)"]
[EventRounds "21"]
[EventCountry "RUS"]
[SourceTitle "CBM 187 Extra"]
[Source "ChessBase"]
[SourceDate "2018.11.04"]
[SourceVersion "1"]
[SourceVersionDate "2018.11.04"]
[SourceQuality "1"]

1. e4 e5 2. Nf3 Nc6 3. Bb5 a6 4. Ba4 Nf6 5. O-O Be7 6. Re1 b5 7. Bb3 d6 8. c3
O-O 9. h3 Nb8 10. d4 Nbd7 11. Nbd2 Bb7 12. Bc2 Re8 13. a4 Bf8 14. Bd3 c6 15.
Qc2 g6 16. b3 Qb6 17. Bb2 Nh5 18. Bf1 Nf4 19. c4 exd4 20. Bxd4 c5 21. Bb2 b4
22. Rad1 Ne5 23. g3 Nh5 24. Bg2 Bg7 25. Nxe5 Bxe5 26. Nf1 Ng7 27. Ne3 Ne6 28.
Ng4 Nd4 29. Bxd4 cxd4 30. Qd3 Bg7 31. Nh2 Re7 32. Nf3 Rae8 33. Nxd4 f5 34. Nc2
Bc3 35. Rf1 Bxe4 36. Bxe4 Rxe4 37. Qxd6 Qxd6 38. Rxd6 a5 39. Ne3 Be5 40. Rd3
Bd4 41. Kg2 Bxe3 42. fxe3 Rxe3 43. Rxe3 Rxe3 44. Rf3 Re2+ 45. Rf2 Re3 46. Rf3
Re2+ 47. Rf2 Re3 48. Rf3 1/2-1/2

[Event "Wch Blitz"]
[Site "St Petersburg"]
[Date "2018.12.29"]
[Round "9"]
[White "Kamsky, Gata"]
[Black "Dzhumagaliev, Yan"]
[Result "1/2-1/2"]
[WhiteElo "2666"]
[BlackElo "2410"]
[PlyCount "123"]
[EventDate "2018.12.29"]
[EventType "swiss (blitz)"]
[EventRounds "21"]
[EventCountry "RUS"]
[SourceTitle "CBM 187 Extra"]
[Source "ChessBase"]
[SourceDate "2018.11.04"]
[SourceVersion "1"]
[SourceVersionDate "2018.11.04"]
[SourceQuality "1"]

1. d4 Nf6 2. Nf3 e6 3. Bf4 c5 4. e3 Nc6 5. c3 d5 6. Nbd2 Bd6 7. Bg3 O-O 8. Bd3
b6 9. Qe2 Bb7 10. Rd1 Qc7 11. e4 Nh5 12. e5 Be7 13. a3 Qd8 14. Nf1 g6 15. Ne3
a5 16. Ng4 a4 17. h4 Nxg3 18. fxg3 h5 19. Nf2 cxd4 20. cxd4 Kg7 21. Nh3 Qc8 22.
O-O Ba6 23. Rf2 Bxd3 24. Rxd3 Qa6 25. Nfg5 Qc4 26. Qf1 Nd8 27. Kh2 Ra7 28. Rf4
Rc7 29. g4 hxg4 30. Rxg4 Qc1 31. Rd1 Qxb2 32. h5 Rh8 33. hxg6 fxg6 34. Qd3 Qc2
35. Nxe6+ Nxe6 36. Rxg6+ Kf7 37. Rf1+ Ke8 38. Qxc2 Rxc2 39. Rxe6 b5 40. Rb6 Rh4
41. e6 Bd8 42. Rxb5 Bc7+ 43. Kg1 Rxd4 44. Ng5 Rg4 45. Nf3 Rgxg2+ 46. Kh1 Rg6
47. Rfb1 Rc3 48. Rf1 Rxa3 49. Rb7 Bd6 50. Rg1 Rxg1+ 51. Nxg1 Re3 52. Ra7 a3 53.
Kg2 Rxe6 54. Nf3 Re2+ 55. Kh3 a2 56. Kg4 Be7 57. Kf5 Rf2 58. Ke6 Rxf3 59. Rxe7+
Kd8 60. Ra7 Rf2 61. Kxd5 Kc8 62. Ke4 1/2-1/2

[Event "Wch Blitz"]
[Site "St Petersburg"]
[Date "2018.12.29"]
[Round "10"]
[White "Reshetnikov, Alexey"]
[Black "Kamsky, Gata"]
[Result "1-0"]
[WhiteElo "2492"]
[BlackElo "2666"]
[PlyCount "75"]
[EventDate "2018.12.29"]
[EventType "swiss (blitz)"]
[EventRounds "21"]
[EventCountry "RUS"]
[SourceTitle "CBM 187 Extra"]
[Source "ChessBase"]
[SourceDate "2018.11.04"]
[SourceVersion "1"]
[SourceVersionDate "2018.11.04"]
[SourceQuality "1"]

1. b3 d5 2. Bb2 Nf6 3. Nf3 c6 4. e3 Bg4 5. Be2 Nbd7 6. c4 e6 7. O-O Bd6 8. h3
Bxf3 9. Bxf3 O-O 10. d4 a5 11. Nc3 Re8 12. Qc2 Bf8 13. g3 g6 14. Bg2 Qb8 15.
Qe2 Rd8 16. Rac1 Qa7 17. Rfd1 Bg7 18. Kh2 Ne8 19. Qd3 Nd6 20. Ba3 Bf8 21. Qe2
Ne4 22. Bxf8 Nxc3 23. Rxc3 Kxf8 24. cxd5 exd5 25. f3 Kg8 26. e4 dxe4 27. fxe4
Nf8 28. d5 cxd5 29. exd5 Qb6 30. Qe5 Qd6 31. Qxd6 Rxd6 32. Rc7 b6 33. Rf1 Nd7
34. Rc6 Rxc6 35. dxc6 Ne5 36. c7 Rc8 37. Rc1 Nd3 38. Bb7 1-0

[Event "Wch Blitz"]
[Site "St Petersburg"]
[Date "2018.12.29"]
[Round "11"]
[White "Kamsky, Gata"]
[Black "Geller, Jakov"]
[Result "1-0"]
[WhiteElo "2666"]
[BlackElo "2518"]
[PlyCount "79"]
[EventDate "2018.12.29"]
[EventType "swiss (blitz)"]
[EventRounds "21"]
[EventCountry "RUS"]
[SourceTitle "CBM 187 Extra"]
[Source "ChessBase"]
[SourceDate "2018.11.04"]
[SourceVersion "1"]
[SourceVersionDate "2018.11.04"]
[SourceQuality "1"]

1. e4 c5 2. Nc3 e6 3. Nf3 a6 4. d4 cxd4 5. Nxd4 Qc7 6. a4 Nc6 7. Be2 Nf6 8. O-O
Be7 9. Be3 O-O 10. f4 d6 11. Kh1 Nxd4 12. Qxd4 Bd7 13. a5 Bc6 14. Bf3 e5 15.
Qd2 exf4 16. Bxf4 Nd7 17. Be2 Ne5 18. Qe3 Bf6 19. Bg3 Qe7 20. Rad1 g6 21. Nd5
Bxd5 22. Rxd5 Bg7 23. c3 Rac8 24. Qd2 Rc6 25. b3 Re8 26. c4 h5 27. h3 Rd8 28.
Rd1 h4 29. Bf4 Bf6 30. c5 Qe6 31. cxd6 Nd7 32. Bc4 Qxe4 33. Bg5 Kg7 34. Rf1 Re8
35. Bxf6+ Nxf6 36. d7 Rd8 37. Rd6 Qe5 38. Rfxf6 Rxd7 39. Rxg6+ fxg6 40. Rxd7+
1-0

[Event "Wch Blitz"]
[Site "St Petersburg"]
[Date "2018.12.29"]
[Round "12"]
[White "Tukhaev, Adam"]
[Black "Kamsky, Gata"]
[Result "0-1"]
[WhiteElo "2527"]
[BlackElo "2666"]
[PlyCount "142"]
[EventDate "2018.12.29"]
[EventType "swiss (blitz)"]
[EventRounds "21"]
[EventCountry "RUS"]
[SourceTitle "CBM 187 Extra"]
[Source "ChessBase"]
[SourceDate "2018.11.04"]
[SourceVersion "1"]
[SourceVersionDate "2018.11.04"]
[SourceQuality "1"]

1. e4 e5 2. Nf3 Nc6 3. Bb5 a6 4. Ba4 Nf6 5. d3 d6 6. c3 Bd7 7. O-O g6 8. Nbd2
Bg7 9. Re1 O-O 10. Nf1 Qe8 11. Bb3 Kh8 12. Ng3 Na5 13. Bc2 c5 14. d4 cxd4 15.
cxd4 Qe7 16. b3 Nc6 17. Ba3 exd4 18. e5 Ne8 19. exd6 Qd8 20. Bd3 Qa5 21. Qc1
Nb4 22. Bxb4 Qxb4 23. Ne4 Nxd6 24. Qc5 Qxc5 25. Nxc5 Bb5 26. Rad1 Rac8 27. b4
a5 28. a3 axb4 29. axb4 b6 30. Bxb5 bxc5 31. Bd7 Rc7 32. bxc5 Rxd7 33. cxd6
Rxd6 34. Rd3 Bf6 35. g3 Rc8 36. Red1 Rc4 37. Kg2 Kg7 38. h4 Rd5 39. g4 h6 40.
Kg3 Kh7 41. Kf4 Bg7 42. Kg3 Rc7 43. R3d2 Rc3 44. Kg2 d3 45. Ne1 Rc4 46. f3 h5
47. gxh5 Rxh5 48. Nxd3 Rcxh4 49. Nf2 Rh2+ 50. Kf1 Bh6 51. Re2 Kg7 52. Rd3 Rb5
53. Rd1 Bf4 54. Kg1 Rg5+ 55. Kf1 Rg3 56. Rd3 Rhg2 57. Re4 Bb8 58. Rg4 Rg1+ 59.
Ke2 Ba7 60. Rxg3 Rxg3 61. Ne4 Rg2+ 62. Kf1 Rb2 63. Rd7 Be3 64. Rd3 Bf4 65. Rd7
Rc2 66. Rb7 g5 67. Rb6 f5 68. Nf2 Be3 69. Rb7+ Kf6 70. Nd3 Rd2 71. Ne1 Rf2+ 0-1

[Event "Wch Blitz"]
[Site "St Petersburg"]
[Date "2018.12.30"]
[Round "13"]
[White "Kamsky, Gata"]
[Black "Potkin, Vladimir"]
[Result "1/2-1/2"]
[WhiteElo "2666"]
[BlackElo "2597"]
[PlyCount "89"]
[EventDate "2018.12.29"]
[EventType "swiss (blitz)"]
[EventRounds "21"]
[EventCountry "RUS"]
[SourceTitle "CBM 187 Extra"]
[Source "ChessBase"]
[SourceDate "2018.11.04"]
[SourceVersion "1"]
[SourceVersionDate "2018.11.04"]
[SourceQuality "1"]

1. e4 c5 2. Nf3 e6 3. c3 Nf6 4. e5 Nd5 5. g3 d6 6. exd6 Bxd6 7. Bg2 O-O 8. O-O
Nc6 9. d4 cxd4 10. Nxd4 Bd7 11. c4 Nf6 12. Nc3 Nxd4 13. Qxd4 Qc7 14. Nb5 Bxb5
15. cxb5 Bc5 16. Bf4 Qb6 17. Qc4 Rac8 18. Qe2 Bd4 19. a4 Rc5 20. Rad1 e5 21. b4
exf4 22. bxc5 Bxc5 23. Qf3 fxg3 24. hxg3 Qa5 25. Qxb7 Qxa4 26. Qc6 Bb6 27. Bf3
Qb3 28. Kg2 h5 29. Rfe1 h4 30. gxh4 Qb4 31. Kg3 Qb2 32. Re2 Qa3 33. Kg2 Qb4 34.
h5 Qh4 35. Qd6 Rd8 36. Qxd8+ Bxd8 37. Rxd8+ Kh7 38. Rf8 Nxh5 39. Bxh5 Qxh5 40.
Re3 Qxb5 41. Rh3+ Kg6 42. Rg3+ Kh7 43. Rh3+ Kg6 44. Rg3+ Kh7 45. Rh3+ 1/2-1/2

[Event "Wch Blitz"]
[Site "St Petersburg"]
[Date "2018.12.30"]
[Round "14"]
[White "Kevlishvili, Robby"]
[Black "Kamsky, Gata"]
[Result "0-1"]
[WhiteElo "2451"]
[BlackElo "2666"]
[PlyCount "52"]
[EventDate "2018.12.29"]
[EventType "swiss (blitz)"]
[EventRounds "21"]
[EventCountry "RUS"]
[SourceTitle "CBM 187 Extra"]
[Source "ChessBase"]
[SourceDate "2018.11.04"]
[SourceVersion "1"]
[SourceVersionDate "2018.11.04"]
[SourceQuality "1"]

1. e4 e5 2. Nf3 Nc6 3. Bb5 a6 4. Ba4 Nf6 5. O-O Be7 6. Re1 b5 7. Bb3 d6 8. c3
O-O 9. d4 Bg4 10. Be3 Bh5 11. Nbd2 Na5 12. dxe5 dxe5 13. h3 Nxb3 14. axb3 Nd7
15. b4 f6 16. Nb3 Nb6 17. Qxd8 Rfxd8 18. Bc5 Bd6 19. Nfd2 Na4 20. Be3 Nxb2 21.
Reb1 Na4 22. Rc1 Bf8 23. Na5 Rd3 24. Ra3 Rad8 25. Nab3 Nxc3 26. Rf1 Na4 0-1

[Event "Wch Blitz"]
[Site "St Petersburg"]
[Date "2018.12.30"]
[Round "15"]
[White "Grischuk, Alexander"]
[Black "Kamsky, Gata"]
[Result "1/2-1/2"]
[WhiteElo "2771"]
[BlackElo "2666"]
[PlyCount "60"]
[EventDate "2018.12.29"]
[EventType "swiss (blitz)"]
[EventRounds "21"]
[EventCountry "RUS"]
[SourceTitle "CBM 187 Extra"]
[Source "ChessBase"]
[SourceDate "2018.11.04"]
[SourceVersion "1"]
[SourceVersionDate "2018.11.04"]
[SourceQuality "1"]

1. Nf3 Nf6 2. g3 g6 3. c4 c6 4. b3 Bg7 5. Bb2 O-O 6. Bg2 d5 7. O-O Bg4 8. d3
Bxf3 9. Bxf3 e6 10. Nd2 Nbd7 11. Qc2 a5 12. a3 Qe7 13. Bg2 Rfd8 14. e3 Ne8 15.
d4 b5 16. a4 b4 17. Rac1 Nd6 18. Rfd1 Rac8 19. Qd3 Nf6 20. Rc2 Rc7 21. Rdc1
Rdc8 22. Nf3 dxc4 23. bxc4 c5 24. Nd2 Nd7 25. Nb3 e5 26. dxe5 Bxe5 27. Nxa5
Bxb2 28. Rxb2 Ne5 29. Qe2 Ra7 30. Nb3 Rxa4 1/2-1/2

[Event "Wch Blitz"]
[Site "St Petersburg"]
[Date "2018.12.30"]
[Round "17"]
[White "Smirin, Ilia"]
[Black "Kamsky, Gata"]
[Result "0-1"]
[WhiteElo "2609"]
[BlackElo "2666"]
[PlyCount "92"]
[EventDate "2018.12.29"]
[EventType "swiss (blitz)"]
[EventRounds "21"]
[EventCountry "RUS"]
[SourceTitle "CBM 187 Extra"]
[Source "ChessBase"]
[SourceDate "2018.11.04"]
[SourceVersion "1"]
[SourceVersionDate "2018.11.04"]
[SourceQuality "1"]

1. e4 e5 2. Nf3 Nc6 3. Bb5 a6 4. Ba4 Nf6 5. O-O Be7 6. Re1 b5 7. Bb3 d6 8. c3
O-O 9. h3 Nb8 10. d4 Nbd7 11. c4 c6 12. a3 Bb7 13. Nc3 Rb8 14. Be3 Ba8 15. Qc2
h6 16. Rad1 Qc7 17. Ba2 Rbc8 18. Rc1 Qb8 19. Nh4 Rfe8 20. Nf5 Bf8 21. cxb5 axb5
22. Qb3 Re6 23. Qd1 d5 24. Qf3 exd4 25. Bxd4 Rce8 26. Red1 Nxe4 27. Qg4 Ndf6
28. Qh4 Nxc3 29. Bxc3 Ne4 30. Rf1 Nxc3 31. Rxc3 Re4 32. f4 Qd8 33. Qg4 Qf6 34.
Rg3 c5 35. Bb1 Re1 36. Rgf3 d4 37. R3f2 c4 38. Ng3 d3 39. Qd7 Bc5 40. Kh2 Bxf2
41. Rxf2 Qd8 42. Qg4 Rxb1 43. Nh5 g6 44. f5 Qd6+ 45. Rf4 g5 46. f6 d2 0-1

[Event "Wch Blitz"]
[Site "St Petersburg"]
[Date "2018.12.30"]
[Round "18"]
[White "Kamsky, Gata"]
[Black "Indjic, Aleksandar"]
[Result "1/2-1/2"]
[WhiteElo "2666"]
[BlackElo "2620"]
[PlyCount "85"]
[EventDate "2018.12.29"]
[EventType "swiss (blitz)"]
[EventRounds "21"]
[EventCountry "RUS"]
[SourceTitle "CBM 187 Extra"]
[Source "ChessBase"]
[SourceDate "2018.11.04"]
[SourceVersion "1"]
[SourceVersionDate "2018.11.04"]
[SourceQuality "1"]

1. d4 g6 2. Nf3 Bg7 3. c3 d6 4. e4 Nf6 5. Bd3 O-O 6. O-O Nbd7 7. Re1 e5 8. h3
Re8 9. a4 a5 10. Bg5 h6 11. Bh4 b6 12. Na3 Bb7 13. Qc2 Qc8 14. Nb5 Qb8 15. Rad1
Nh5 16. Bc4 c6 17. Na3 Qc7 18. dxe5 Nxe5 19. Nxe5 Bxe5 20. Be2 Nf4 21. Bf1 g5
22. Bg3 Ng6 23. Bxe5 Nxe5 24. Nc4 Rad8 25. Ne3 Bc8 26. b4 Be6 27. Rd2 h5 28.
Red1 g4 29. h4 Qe7 30. bxa5 bxa5 31. Be2 Qxh4 32. Rxd6 Rxd6 33. Rxd6 g3 34.
fxg3 Qxg3 35. Qd2 Rb8 36. Rd8+ Rxd8 37. Qxd8+ Kg7 38. Qd4 h4 39. Nf1 Qg5 40.
Kf2 c5 41. Qe3 Qf6+ 42. Kg1 c4 43. Nd2 1/2-1/2

[Event "Wch Blitz"]
[Site "St Petersburg"]
[Date "2018.12.30"]
[Round "19"]
[White "Andreikin, Dmitry"]
[Black "Kamsky, Gata"]
[Result "1/2-1/2"]
[WhiteElo "2719"]
[BlackElo "2666"]
[PlyCount "65"]
[EventDate "2018.12.29"]
[EventType "swiss (blitz)"]
[EventRounds "21"]
[EventCountry "RUS"]
[SourceTitle "CBM 187 Extra"]
[Source "ChessBase"]
[SourceDate "2018.11.04"]
[SourceVersion "1"]
[SourceVersionDate "2018.11.04"]
[SourceQuality "1"]

1. e4 e5 2. Nf3 Nc6 3. Bc4 Bc5 4. O-O Nf6 5. d3 d6 6. c3 a6 7. Nbd2 Ba7 8. Bb3
O-O 9. h3 h6 10. Re1 Ne7 11. Nf1 Ng6 12. Ng3 c5 13. Be3 b5 14. Qd2 Kh7 15. Rad1
Be6 16. d4 Bxb3 17. axb3 cxd4 18. cxd4 Qc7 19. Qd3 Qb7 20. Nh2 d5 21. exd5 Qxd5
22. dxe5 Qxd3 23. Rxd3 Nxe5 24. Rd6 Bxe3 25. Rxe3 Rfe8 26. Nf5 a5 27. Nf3 Ned7
28. N3d4 Rxe3 29. Nxe3 Nc5 30. Nxb5 Nxb3 31. Nd4 Nxd4 32. Rxd4 Rb8 33. Ra4
1/2-1/2